กระบวนการสันติภาพแห่งเมียนมา/พม่า : ปฏิสัมพันธ์ระหว่าง รัฐบาล กองทัพ และกลุ่มชาติพันธุ์ (Record no. 37587)
[ view plain ]
| 000 -LEADER | |
|---|---|
| fixed length control field | 03011nam a22002177a 4500 |
| 003 - CONTROL NUMBER IDENTIFIER | |
| control field | TH-BaNU |
| 005 - DATE AND TIME OF LATEST TRANSACTION | |
| control field | 20230403105239.0 |
| 008 - FIXED-LENGTH DATA ELEMENTS--GENERAL INFORMATION | |
| fixed length control field | 230403b2022 TH ||||| |||| 00| 0 tha d |
| 020 ## - INTERNATIONAL STANDARD BOOK NUMBER | |
| International Standard Book Number | 9786163986092 |
| 040 ## - CATALOGING SOURCE | |
| Original cataloging agency | TH-BaNU |
| 100 ## - MAIN ENTRY--PERSONAL NAME | |
| Personal name | ฐิติวุฒิ บุญยวงศ์วิวัชร |
| 245 ## - TITLE STATEMENT | |
| Title | กระบวนการสันติภาพแห่งเมียนมา/พม่า : ปฏิสัมพันธ์ระหว่าง รัฐบาล กองทัพ และกลุ่มชาติพันธุ์ |
| 260 ## - PUBLICATION, DISTRIBUTION, ETC. | |
| Place of publication, distribution, etc. | กรุงเทพฯ: |
| Name of publisher, distributor, etc. | มหาวิทยาลัยเชียงใหม่: |
| Date of publication, distribution, etc. | 2565 |
| 300 ## - PHYSICAL DESCRIPTION | |
| Extent | 144 หน้า |
| 520 ## - SUMMARY, ETC. | |
| Summary, etc. | ในฐานะประเทศบ้านใกล้เรือนเคียงระหว่างไทยกับเมียนมา/พม่า การติดตามกระแสการเปลี่ยนผ่านทั้งทางด้านเศรษฐกิจ สังคม การเมืองและความมั่นคงมีความจำเป็นอย่างยิ่ง กระนั้นตั้งแต่ช่วงหลังยุคสงครามเย็น เป็นต้นมา ภาคส่วนต่างๆ ในประเทศได้ให้ความสนใจในประเด็นที่เกี่ยวข้องกับทางด้านเศรษฐกิจมากขึ้นเป็นพิเศษ จนทำให้ในหลายครั้งกระแสดังกล่าวได้กลับกลายเป็นแรงโต้กลับในการปิดโอกาสการสร้างความรับรู้เรื่องราวอื่นๆ ที่มีผลต่อประเทศไทยและความสัมพันธ์ของประเทศทั้งสอง โดยเฉพาะความขัดแย้งทางด้านชาติพันธุ์ในเมียนมา/พม่า ซึ่งไทยในฐานะของประเทศเพือ่ นบา้ นไดร้ บั ผลกระทบในหลายลกั ษณะ อาทิ ปญั หาผหู้ ลบหนภี ยั จากการสรู้ บปัญหาแรงงานหลบหนีเข้าเมืองอย่างผิดกฎหมาย รวมทั้งปัญหายาเสพติด ซึ่งกลายเป็นปัญหาที่สำคัญและกระทบต่อความมมั่นคงของไทยโดยตรง |
| 650 ## - SUBJECT ADDED ENTRY--TOPICAL TERM | |
| Topical term or geographic name entry element | รัฐศาสตร์ |
| 850 ## - HOLDING INSTITUTION | |
| Holding institution | Kuakarun Nursing Library |
| 856 ## - ELECTRONIC LOCATION AND ACCESS | |
| Uniform Resource Identifier | <a href="https://se-ed.belibcloud.com/book-detail/18261">https://se-ed.belibcloud.com/book-detail/18261</a> |
| Link text | se-ed e-library |
| 942 ## - ADDED ENTRY ELEMENTS (KOHA) | |
| Source of classification or shelving scheme | Local Classification |
| Koha item type | Electronic books |
| 998 ## - STAFF NAME (NMU) | |
| Cataloger | bee |
| Withdrawn status | Lost status | Source of classification or shelving scheme | Damaged status | Not for loan | Home library | Current library | Shelving location | Date acquired | Total Checkouts | Barcode | Date last seen | Price effective from | Koha item type |
|---|---|---|---|---|---|---|---|---|---|---|---|---|---|
| Local Classification | Online Access | Kuakarun Nursing Library | Kuakarun Nursing Library | Processing unit | 03/04/2023 | eb37587 | 03/04/2023 | 03/04/2023 | Electronic books |
